[Event "Europe Echecs online op April"]
[Site "Europe Echecs INT"]
[Date "2020.04.11"]
[Round "3"]
[White "Travadon, Loic"]
[Black "Labeyrie, Vincent"]
[Result "1-0"]
[WhiteElo "2426"]
[BlackElo "1958"]
[PlyCount "57"]
[EventDate "2020.04.11"]
[EventType "swiss (blitz)"]
[EventRounds "11"]
[EventCountry "FRA"]
[SourceTitle "EXT 2021"]
[Source "ChessBase"]
[SourceDate "2020.10.23"]
[SourceVersion "1"]
[SourceVersionDate "2020.10.23"]
[SourceQuality "1"]

1. e4 e5 2. d4 exd4 3. Nf3 Nc6 4. Bc4 Nf6 5. e5 d5 6. Bb5 Ne4 7. Nxd4 Bd7 8. Bxc6 bxc6 9. 0-0 Be7 10. f3 Nc5 11. Be3 0-0 12. Nc3 Rb8 13. Nb3 Nxb3 14. axb3 Rb7 15. f4 Bf5 16. Qd2 Bb4 17. Qf2 a5 18. Rad1 Bxc3 19. bxc3 Re8 20. Bd4 Qd7 21. Rd2 Be4 22. f5 c5 23. Bxc5 Rxe5 24. f6 g6 25. Qf4 Rf5 26. Qxe4 Rxf1+ 27. Kxf1 Qb5+ 28. c4 dxe4 29. Rd8+ 1-0